Kluby piłkarskie Wenecji Euganejskiej i Friuli-Wenecji Julijskiej NŚ - Statystyki

Ogólne statystyki
  • Ten quiz został rozwiązany 5 razy
  • Średni wynik to 4 z 12
Answers on the Grid
Answers color-coded by a green-red scale on the quiz's grid according to % correct below.
FC Arzignano Valchiampo
AS Cittadella
SS Arezzo
Rimini FC 1912
Carrarese Calcio 1908
Hellas Verona FC
US Triestina Calcio 1918
AC ChievoVerona
AC Carpi
Calcio Padova
L.R. Vicenza
Union Clodiense Chioggia FC
Audace Cerignola
US Anconitana ASD
Venezia FC
Pordenone Calcio
Virtus Verona
Udinese Calcio
Calcio Caldiero Terme
US Città di Pontedera
FC Legnago Salus
Pro Sesto 1913
 
Statystyki odpowiedzi
Odpowiedź % Poprawnych
Venezia FC
100%
Udinese Calcio
75%
US Triestina Calcio 1918
75%
L.R. Vicenza
50%
Virtus Verona
50%
Calcio Padova
25%
Hellas Verona FC
25%
AS Cittadella
0%
Calcio Caldiero Terme
0%
FC Arzignano Valchiampo
0%
FC Legnago Salus
0%
Union Clodiense Chioggia FC
0%
Nie znaleziono quizów pasujących do podanych kryteriów
Rozkład punktacji
Procent ludzi z każdym wynikiem
Percentyl według liczby udzielonych odpowiedzi
Twoja historia wyników
Nie rozwiązałeś tego quizu